=LDR 00000nam 2200000 4500 =001 INLIS000000000026637 =005 20130612125050 =008 ***********************************end** =035 ##$$0010-061300000026637 =041 ##$$a end =082 ##$$a 420 =090 ##$$a 420, SWA p =100 ##$$a Swan, Michael =245 ##$$a Practical English Usage, Michael Swan =260 ##$$a 1995 $b Newyork =300 ##$$a xxx, 658 hlm., 23 cm =650 ##$$a Bahasa Inggris =650 ##$$a Percakapan =850 ##$$a NBPNMAT =990 ##$$a 91439/BPAP-NTB/2014 =990 ##$$a 0001/BPAP-NTB/2015